Le plaisir /

Guardado en:
Autor Principal: Aristoteles
Formato: Libro
Publicado: Paris : J. Vrin, 1946
Materias:
Etiquetas: Agregar Etiqueta
Sin Etiquetas, Sea el primero en etiquetar este registro!
LEADER 00473nam a22001575a 4500
001 EHU.bham016313
003 AR-BHAM
005 20100503153457.0
008 130507s1946##################000#0#####d
082 1 8 |a 185 
100 1 |a Aristoteles 
245 1 0 |a Le plaisir /  |c Aristoteles 
260 |a Paris :  |b J. Vrin,  |c 1946 
500 |a Introd., Trad. Et Notes Par A.j. Festugiere 
653 |a Filosofia aristotelica 
859 |a AR-BHAM  |b BIB. HUMANIDADES - Arturo Marasso  |h 185  |i Ar46-1  |p 106.57  |t Ej.1  |v M